EUROPE COUNTRIES - World Geography - Statistics

General Stats
  • This quiz has been taken 76 times
  • The average score is 34 of 46
Answers on the Map
Answers color-coded by a green-red scale on the quiz's map according to % correct below.
 
Answer Stats
Answer % Correct
Greece
93%
Norway
93%
Belarus
86%
Denmark
86%
Iceland
86%
Italy
86%
Poland
86%
Portugal
86%
Russia
86%
Spain
86%
Switzerland
86%
Ukraine
86%
United Kingdom
86%
Bulgaria
79%
Czech Republic
79%
Estonia
79%
Germany
79%
Ireland
79%
Latvia
79%
Moldova
79%
Sweden
79%
Albania
71%
Andorra
71%
Belgium
71%
France
71%
Liechtenstein
71%
Lithuania
71%
Malta
71%
Monaco
71%
Netherlands
71%
Serbia
71%
Slovakia
71%
Austria
64%
Bosnia and Herzegovina
64%
Croatia
64%
Finland
64%
Hungary
64%
Luxembourg
64%
North Macedonia
64%
Slovenia
64%
Turkey
64%
Vatican City
64%
Cyprus
57%
Montenegro
57%
Romania
57%
San Marino
57%
No matching quizzes found
Score Distribution
Percent of People with Each Score
Percentile by Number Answered
Your Score History
You have not taken this quiz